000 00827pam a2200229 a 4500
999 _c24958
_d24958
001 3768838
005 20170130125315.0
008 830804s1984 enkach e 000 0 eng
010 _a 83015130
020 _a0192115820 :
_c$35.00
040 _aDLC
_cDLC
_dDLC
050 0 0 _aPN1008.5
_b.C37 1984
100 1 _aCarpenter, Humphrey.
245 1 4 _aThe Oxford companion to children's literature /
_cHumphrey Carpenter and Mari Prichard.
260 _aOxford [Oxfordshire] ;
_aNew York :
_bOxford University Press,
_c1984.
300 _ax, 586 p. :
_bill., facsims., ports. ;
_c24 cm.
650 0 _aChildren's literature
_xDictionaries.
700 1 _aPrichard, Mari.
942 _2lcc
_cBOOKS
_hPN1008.5 .C37 1984